The holy granth Sri Guru Granth Sahib / (Record no. 136385)

MARC details
000 -LEADER
fixed length control field 00787nam a2200217 4500
010 ## - LIBRARY OF CONGRESS CONTROL NUMBER
LC control number B-162260
020 ## - INTERNATIONAL STANDARD BOOK NUMBER
International Standard Book Number 9788170103325
Terms of availability 1000.00(set)
035 ## - SYSTEM CONTROL NUMBER
System control number B-162260
037 ## - SOURCE OF ACQUISITION
Stock number Cen Lib/Ret
040 ## - CATALOGING SOURCE
Original cataloging agency DPL
Language of cataloging EN
082 ## - DEWEY DECIMAL CLASSIFICATION NUMBER
Classification number 260
Item number SRI
245 ## - TITLE STATEMENT
Title The holy granth Sri Guru Granth Sahib /
Statement of responsibility, etc translated by Kartar Singh Duggal.
260 ## - PUBLICATION, DISTRIBUTION, ETC. (IMPRINT)
Place of publication, distribution, etc New Delhi
Name of publisher, distributor, etc Hemkunt Publishers
Date of publication, distribution, etc 2005
270 ## - ADDRESS
Address A-78 Naraina Industrial Area Pase-1,
City New Delhi
Postal code 110028
300 ## - PHYSICAL DESCRIPTION
Extent 4 v. ; ( v 1. 804 ; v 2. 805-1652 ; v 3. 1653-2508 ; v 4. 2509-3232)
Other physical details 25cm
500 ## - GENERAL NOTE
General note 4 v. ; v 1. (available) ; v 2. (available) ; v 3. (available) ; v 4. (available)
650 ## - SUBJECT ADDED ENTRY--TOPICAL TERM
Topical term or geographic name as entry element Sikhism--Religion
650 ## - SUBJECT ADDED ENTRY--TOPICAL TERM
Topical term or geographic name as entry element Sikhism
700 ## - ADDED ENTRY--PERSONAL NAME
Personal name Duggal, Kartar Singh
942 ## - ADDED ENTRY ELEMENTS (KOHA)
Source of classification or shelving scheme Dewey Decimal Classification
Koha item type English Books
Classification part 260
Call number prefix SRI
Holdings
Withdrawn status Lost status Materials specified (bound volume or other part) Damaged status Not for loan Collection code Home library Current library Date acquired Source of acquisition Cost, normal purchase price Total Checkouts Full call number Barcode Date last seen Copy number Cost, replacement price Price effective from Koha item type
    v.4   Not For Loan Reference Central Library Central Library 29/02/2016 Cen Lib/Ret 1000.00   260 SRI B-162209 29/02/2016 4 1000.00 29/02/2016 English Books
    v.3   Not For Loan Reference Central Library Central Library 29/02/2016 Cen Lib/Ret 1000.00   260 SRI B-162208 29/02/2016 3 1000.00 29/02/2016 English Books
    v.2   Not For Loan Reference Central Library Central Library 29/02/2016 Cen Lib/Ret 1000.00   260 SRI B-162207 29/02/2016 2 1000.00 29/02/2016 English Books
    v.1   Not For Loan Reference Central Library Central Library 29/02/2016 Cen Lib/Ret 1000.00   260 SRI B-162206 29/02/2016 1 1000.00 29/02/2016 English Books

© Delhi Public Library
Hit Counter
free hit counter